| 000 | 00757nam a22002897a 4500 | ||
|---|---|---|---|
| 005 | 20250613184015.0 | ||
| 008 | 160126b2012 xxu||||| |||| 00| | spa d | ||
| 020 | _a9789508948793 | ||
| 041 | _aESP | ||
| 082 | _a614.15 M556c | ||
| 100 |
_aMercurio, Ezequiel N. _92252 |
||
| 245 | _aCerebro y adolescencia: implicancias jurídico-penales | ||
| 260 | _aArgentina | ||
| 260 | _bAD-HOC | ||
| 260 | _c2012 | ||
| 300 | _a110 páginas | ||
| 490 | _aInvestigación Criminal | ||
| 650 | _aPSIQUIATRÍA FORENSE | ||
| 650 | _aMEDICINA LEGAL | ||
| 650 | _aDERECHO PENAL | ||
| 650 | _aDELITO JUVENIL | ||
| 650 | _aVIOLENCIA JUVENIL | ||
| 650 | _aDESARROLLO CEREBRAL | ||
| 650 | _aINMADUREZ CEREBRAL | ||
| 650 | _aPENA DE MUERTE | ||
| 942 |
_cBK _2ddc |
||
| 999 |
_c7518 _d7518 |
||